A monster calls / (Record no. 4926)

MARC details
000 -LEADER
fixed length control field 01537cam a2200361 4500
001 - CONTROL NUMBER
control field 5834
005 - DATE AND TIME OF LATEST TRANSACTION
control field 20181127180358.0
008 - FIXED-LENGTH DATA ELEMENTS--GENERAL INFORMATION
fixed length control field 141016t20152011mau j 000 1 eng d
010 ## - LIBRARY OF CONGRESS CONTROL NUMBER
LC control number 2014954315
020 ## - INTERNATIONAL STANDARD BOOK NUMBER
International Standard Book Number 9781406347005
Qualifying information
100 1# - MAIN ENTRY--PERSONAL NAME
Personal name Ness, Patrick,
Dates associated with a name 1971-
Relator term author.
245 12 - TITLE STATEMENT
Title A monster calls /
Statement of responsibility, etc. Patrick Ness ; inspired by an idea from Siobhan Dowd.
250 ## - EDITION STATEMENT
Edition statement First U.S. edition.
264 #1 - PRODUCTION, PUBLICATION, DISTRIBUTION, MANUFACTURE, AND COPYRIGHT NOTICE
Place of production, publication, distribution, manufacture London :
Name of producer, publisher, distributor, manufacturer Walker books,
Date of production, publication, distribution, manufacture, or copyright notice 2012.
300 ## - PHYSICAL DESCRIPTION
Extent 236 pages ;
Dimensions 20 cm
336 ## - CONTENT TYPE
Content type term text
Content type code txt
Source rdacontent
337 ## - MEDIA TYPE
Media type term unmediated
Media type code n
Source rdamedia
338 ## - CARRIER TYPE
Carrier type term volume
Carrier type code nc
Source rdacarrier
500 ## - GENERAL NOTE
General note ""Includes a book group discussion guide""--Page [4] of cover.
General note ""Soon to be a major motion picture""--Cover.
General note Previously published in 2011 with illustrations. This edition lacks illustrations.
520 ## - SUMMARY, ETC.
Summary, etc. Thirteen-year-old Conor awakens one night to find a monster outside his bedroom window, but not the one from the recurring nightmare that began when his mother became ill--an ancient, wild creature that wants him to face truth and loss.
586 ## - AWARDS NOTE
Awards note Kate Greenaway Medal 2012; Carnegie Medal Award 2012.
650 #7 - SUBJECT ADDED ENTRY--TOPICAL TERM
Topical term or geographic name entry element Breast -- Cancer -- Fiction.
General subdivision
Form subdivision
Topical term or geographic name entry element Loss (Psychology) -- Fiction.
Topical term or geographic name entry element Monsters -- Fiction.
Topical term or geographic name entry element Mothers and sons -- Fiction.
Topical term or geographic name entry element Schools --Fiction.
Topical term or geographic name entry element Self-actualization (Psychology) -- Fiction.
Topical term or geographic name entry element Single-parent families -- Fiction.
651 #0 - SUBJECT ADDED ENTRY--GEOGRAPHIC NAME
Geographic name England
Form subdivision Fiction.
700 1# - ADDED ENTRY--PERSONAL NAME
Personal name Dowd, Siobhan.
Holdings
Withdrawn status Lost status Source of classification or shelving scheme Damaged status Not for loan Collection code Home library Current library Shelving location Date acquired Serial Enumeration / chronology Inventory number Total Checkouts Total Renewals Full call number Barcode Date last seen Date last checked out Price effective from Koha item type
    Dewey Decimal Classification     Fiction RTC Library RTC Library Fiction 09/03/2021 9286 9 2 FIC 813.54 NES 30008550 19/08/2025 07/08/2025 27/11/2018 Fiction
Royal Thimphu College || All Right Reserved